Mercantile Law (Record no. 42513)

MARC details
000 -LEADER
fixed length control field 00399nam a2200169Ia 4500
008 - FIXED-LENGTH DATA ELEMENTS--GENERAL INFORMATION
fixed length control field 230524s9999 xx 000 0 und d
020 ## - INTERNATIONAL STANDARD BOOK NUMBER
ISBN 9788174465610
082 ## - DEWEY DECIMAL CLASSIFICATION NUMBER
Classification number 346.065
Item number GUL
100 ## - MAIN ENTRY--AUTHOR NAME
Personal name S S Gulshan
245 #0 - TITLE STATEMENT
Title Mercantile Law
250 ## - EDITION STATEMENT
Edition statement 3RD
260 ## - PUBLICATION, DISTRIBUTION, ETC. (IMPRINT)
Place of publication NEW DELHI
Name of publisher Excel Books
Year of publication 2007
300 ## - PHYSICAL DESCRIPTION
Number of Pages XVII;845
500 ## - GENERAL NOTE
General note Quantity Number: 15
650 ## - SUBJECT ADDED ENTRY--TOPICAL TERM
Topical Term Management
942 ## - ADDED ENTRY ELEMENTS (KOHA)
Koha item type Books
Holdings
Lost status Damaged status Permanent Location Current Location Shelving location Date acquired Full call number Accession Number Koha item type
    Central Library, Trident Academy of Technology Central Library, Trident Academy of Technology General Stacks 05/24/2023 346.065 GUL 29399 Books
    Central Library, Trident Academy of Technology Central Library, Trident Academy of Technology General Stacks 05/24/2023 346.065 GUL 29400 Books
    Central Library, Trident Academy of Technology Central Library, Trident Academy of Technology General Stacks 05/24/2023 346.065 GUL 29401 Books
    Central Library, Trident Academy of Technology Central Library, Trident Academy of Technology General Stacks 05/24/2023 346.065 GUL 29402 Books
    Central Library, Trident Academy of Technology Central Library, Trident Academy of Technology General Stacks 05/24/2023 346.065 GUL 29403 Books
    Central Library, Trident Academy of Technology Central Library, Trident Academy of Technology General Stacks 05/24/2023 346.065 GUL 29404 Books
    Central Library, Trident Academy of Technology Central Library, Trident Academy of Technology General Stacks 05/24/2023 346.065 GUL 29877 Books
    Central Library, Trident Academy of Technology Central Library, Trident Academy of Technology General Stacks 05/24/2023 346.065 GUL 29878 Books
    Central Library, Trident Academy of Technology Central Library, Trident Academy of Technology General Stacks 05/24/2023 346.065 GUL 29879 Books
    Central Library, Trident Academy of Technology Central Library, Trident Academy of Technology General Stacks 05/24/2023 346.065 GUL 29880 Books
    Central Library, Trident Academy of Technology Central Library, Trident Academy of Technology General Stacks 05/24/2023 346.065 GUL 29881 Books
    Central Library, Trident Academy of Technology Central Library, Trident Academy of Technology General Stacks 05/24/2023 346.065 GUL 29882 Books
    Central Library, Trident Academy of Technology Central Library, Trident Academy of Technology General Stacks 05/24/2023 346.065 GUL 29883 Books
    Central Library, Trident Academy of Technology Central Library, Trident Academy of Technology General Stacks 05/24/2023 346.065 GUL 29884 Books
    Central Library, Trident Academy of Technology Central Library, Trident Academy of Technology General Stacks 05/24/2023 346.065 GUL 29885 Books
Trident Academy of Technology © 2023.
All rights reserved.                                                                                                                                                                                                        Designed by Team of Central Library .

Powered by Koha